La casa ecológica autosuficiente: para climas cálido y tropical
Uloženo v:
| Hlavní autor: | |
|---|---|
| Médium: | Kniha |
| Jazyk: | španělština |
| Vydáno: |
Ciudad de México
Arbol
1994
|
| Vydání: | 1a. ed |
| Témata: | |
| Tagy: |
Přidat tag
Žádné tagy, Buďte první, kdo vytvoří štítek k tomuto záznamu!
|
MARC
| LEADER | 00000nam a2200000 a 4500 | ||
|---|---|---|---|
| 001 | UCK8400 | ||
| 003 | CL-VaPUC | ||
| 008 | 060317e19940000MX |||||||||||||||||spa|d | ||
| 020 | |a 9684611706 | ||
| 082 | 0 | 4 | |a 728 |b DEF |2 21 |
| 100 | 0 | |a Deffis Caso, Armando |e author |9 498157 | |
| 245 | 1 | 3 | |a La casa ecológica autosuficiente: para climas cálido y tropical |
| 250 | |a 1a. ed | ||
| 300 | |a 367 p | ||
| 942 | |c BK | ||
| 945 | |d 20060317 00:00:00 |a cmena | ||
| 260 | |a Ciudad de México |b Arbol |c 1994 | ||
| 650 | 0 | |a Viviendas |9 255326 | |
| 650 | 0 | |a Diseño arquitectónico |9 265271 | |
| 650 | 7 | |a CLIMA TROPICAL |2 CL-VaPUC |9 498158 | |
| 650 | 0 | |a Ecoturismo |9 427332 | |
| 650 | 0 | |a Ecología |9 258124 | |
| 583 | |a last modification |c 20060317 00:00:00 |k Rodrigo Vera | ||
| 999 | |c 316052 |d 316050 | ||
| 952 | |0 0 |1 0 |4 0 |6 728_000000000000000_DEF_1994 |7 0 |8 A |9 390130 |a BIBEDU |b BIBEDU |d 2019-11-22 |i 4201388 |o 728 DEF 1994 |p 4201388 |r 2019-11-22 |w 2019-11-22 |y BK |k EBA | ||